Disney General Knowledge Multiple Choice - Statistics

General Stats
  • This quiz has been taken 3,119 times
  • The average score is 8 of 15
Answer Stats
Question Answer % Correct
In which movie would you find the Disney Princess, Merida? Brave
89%
Which of these is not a dwarf in Snow White? Lazy
85%
Which of these songs might you hear in The Lion King? Can You Feel the Love Tonight
80%
At the end of the 1990s, Disney created the "Disney Magic" and "Disney Wonder", but what were they? Cruise Ships
72%
Which of these Pixar movies did not win the Oscar for Best Animated Movie? The Incredibles 2
59%
In Peter Pan, which hand did Captain Hook lose to the crocodile, giving him his name? Left
58%
Which of these animated series does Disney not own the rights to? South Park
53%
Which Disney movie made more money at the worldwide box office? Avengers: Endgame
52%
In what decade did Disney open its first ever theme park? 1950s
50%
As of December 2020, approximately how many worldwide subscribers does Disney's streaming service, Disney+, have? 85 million
46%
In Frozen's "Let It Go", which word is said least often? Go
44%
In 2016, a new Disneyland opened in China. But in which city? Shanghai
44%
Approximately how much did Disney acquire Lucasfilm for in 2012? $4 billion
40%
Which U.S. television network is owned by Disney? ABC
30%
Which theme park at Walt Disney World in Florida opened most recently? Animal Kingdom
30%
No matching quizzes found
Score Distribution
Percent of People with Each Score
Percentile by Number Answered
Your Score History
You have not taken this quiz